00356nam a2200085Ia 4500008004100000245011900041260005000160300001800210650004200228151021s9999 xx 000 0 und d a_1999 Population and Housing Census Volume 1 Population Distributiopn by Administrative Areas and Urban Centres /  aNairobi : Central Bureau of Statistics, 1999  axxxiv,415 p.  a_Counting our People for Development